| 000 | 00694cam a2200229 a 4500 | ||
|---|---|---|---|
| 001 | 000018137 | ||
| 005 | 20200929165354.0 | ||
| 008 | 840929s1967 sp 000 f spa d | ||
| 035 | _a(DLC) 73256701 | ||
| 040 |
_aDO-SdBNP _bspa _cCarP _dDLC _dBNPHU |
||
| 082 |
_a863.64 _bB465v |
||
| 100 | 1 |
_aBenet Goitia, Juan, _d1927-1993 _939300 |
|
| 245 | 1 | 0 |
_aVolverás a Región / _cJuan Benet. |
| 260 |
_aBarcelona : _bDestino, _c1967. |
||
| 300 |
_a315 p. ; _c19 cm. |
||
| 490 | 1 |
_aAncora y Delfín _v295 |
|
| 650 | 4 |
_aNovela española _91123 |
|
| 650 | 4 |
_aLiteratura española _ySIGLO XX _93326 |
|
| 830 | 0 |
_aAncora y Delfín ; _v295 _921385 |
|
| 910 | _aCatalogación por copia / LC | ||
| 049 | _aBNGR | ||
| 999 |
_c17658 _d17658 |
||